Neurological rehabilitation (Registro nro. 92391)

Detalles MARC
000 -ENCABEZADO
Número de control [NR] 01138nam a22002897a 4500
008 - DE LONGITUD FIJA DE DATOS DE ELEMENTOS - INFORMACIÓN GENERAL
Elementos de longitud fija [NR] 130821s2013 xxuado fr 1 eng
020 ## - NUMERO INTERNACIONAL NORMALIZADO PARA LIBROS [R]
Número Internacional Normalizado del libro [NR] 0323033067 (5a. Ed.)
020 ## - NUMERO INTERNACIONAL NORMALIZADO PARA LIBROS [R]
Número Internacional Normalizado del libro [NR] 9780323033060 (6a. Ed.)
020 ## - NUMERO INTERNACIONAL NORMALIZADO PARA LIBROS [R]
Número Internacional Normalizado del libro [NR] 9780323075862 (6a. Ed.)
040 ## - FUENTE DE CATALOGACION [NR]
Agencia de catalogación original [NR] Co-BoUCM
Idioma de catalogación [NR] spa
Quien Cataloga Jose A. Gerena (modificó)
Quien Clasifica [Nuevo]
041 00 - CODIGO DE IDIOMA [R]
Código de idioma para texto/pista de sonido o título separado [R] Inglés
060 10 - SIGNATURA TOPOGRAFICA DE LA BIBLIOTECA NACIONAL DE MEDICINA (NLM) [R]
Número clasificador [R] WL 140
Número de ítem [NR] N492
245 00 - MENCION DE TITULO [NR]
Título [NR] Neurological rehabilitation
Mención de responsabilidad, etc. [NR] editado por Darcy A. Umphred...[y otros]
246 21 - FORMA VARIANTE DEL TITULO [R]
Título propiamente dicho/forma breve del título [NR] Umprhere´s Neurological rehabilitation
250 ## - MENCION DE EDICION [NR]
Mención de edición [NR] 6th Ed
260 ## - PUBLICACION, DISTRIBUCION, ETC. (PIE DE IMPRENTA) [R]
Lugar de publicación, distribución, etc. [R] San Luis (Missouri, Estados Unidos)
Nombre del editor, distribuidor, etc. [R] Mosby Elsevier
Fecha de publicación, distribución, etc. [R] 2013
300 ## - DESCRIPCION FISICA [R]
Extensión [R] xvii, 1262 páginas
Otros detalles físicos [NR] ilustraciones, cuadros, gráficas, fotografías
504 ## - NOTA DE BIBLIOGRAFIA, ETC. [R]
Nota de bibliografía, etc. [NR] Incluye referencias bibliográficas e índices
650 07 - ASIENTO SECUNDARIO DE MATERIA - TERMINO TEMATICO [R]
Término temático o nombre geográfico como elemento de entrada [NR] Neurología
9 (RLIN) 20299
650 07 - ASIENTO SECUNDARIO DE MATERIA - TERMINO TEMATICO [R]
Término temático o nombre geográfico como elemento de entrada [NR] Sistema nervioso
Subdivisión general [R] Enfermedades
9 (RLIN) 48041
650 07 - ASIENTO SECUNDARIO DE MATERIA - TERMINO TEMATICO [R]
Término temático o nombre geográfico como elemento de entrada [NR] Sistema nervioso
Subdivisión general [R] Enfermedades
-- Rehabilitación
9 (RLIN) 24577
700 1# - ASIENTO SECUNDARIO - NOMBRE PERSONAL [R]
Nombre personal [NR] Burton, Gordon U.
9 (RLIN) 51383
700 1# - ASIENTO SECUNDARIO - NOMBRE PERSONAL [R]
Nombre personal [NR] Lazaro, Rolando T.
Término de relación [R] editor
9 (RLIN) 51381
700 1# - ASIENTO SECUNDARIO - NOMBRE PERSONAL [R]
Nombre personal [NR] Roller, Margaret L.
Término de relación [R] editor
9 (RLIN) 51382
700 1# - ASIENTO SECUNDARIO - NOMBRE PERSONAL [R]
Nombre personal [NR] Umphred, Darcy Ann.
Término de relación [R] editor
9 (RLIN) 51380
942 ## - ELEMENTOS DE ENTRADA AGREGADOS (KOHA)
Tipo de ítem principal el descrito en 300a Libro
Tema principal Medicina
Edición 6
Parte restante de la signatura top. N492
Sistema de clasificación NLM
Clasificación WL 140
Título oculto en OPAC No
Existencias
Fecha de último préstamo Total préstamos Total Renewals Signatura topográfica Código de barras Última vez visto Volúmen / Fascículo Ejemplar Price effective from Tipo de ítem Perdido Sistema de clasificación Dañado No prestable Tipo de ítem específico Suprimido Ubicación habitual Ubicación actual Localización Fecha de creación Forma de adquisición Costo Costo de reposición Proveedor
06/02/2025 57 9 WL 140 N492 200016247 11/12/2025 5a. Ed. Ej.1 03/02/2013 Libro   NLM     Libro   Quinta de Mutis Quinta de Mutis 2do piso 30/09/2008 Compra 207000.00    
21/02/2025 11 10 WL 140 N492 200025570 11/12/2025 6a.Ed. Ej.1 13/11/2013 Libro   NLM     Libro   Quinta de Mutis Quinta de Mutis 2do piso 13/11/2013 Compra 194900.00 194900.00 15